1468 1116 1083 1588 1165 1909 1180 1301 1891 1241 1494 1367 1869 1303 1183 1923 1690 1101 1418 1888 1597 1652 1358 1801 1750 1098 1222 1098 1108 1162 1693 1942 1123 1155 1733 1124 1841 1107 1730 1447 1950 1724 1012 1261 1223 1411 1509 1299 1396 1174 1497 1459 1074 1536 1474 1283 1529 1594 1830 1662 1280 1970 1426 1422 1722 1953 1894 1557 1978 1772 1076 1875 1062 1146 1324 1946 1882 1393 1183 1130 1410 1124 1494 1272 1775 1924 1100 1457 1267 1055 1412 1196 1916 1601 1404 1004 1815 1119 1811 BCNSPRNW ULIB Ver.6.0+V

เปลี่ยนเป็นภาษาไทย

Change to English
 แสดงรายละเอียดบรรณานุกรม
  กลับหน้าหลัก

Brief Record : Get Marc (ISO 2709) : E-mail record : QR code < ปิดหน้าต่าง
LEADER : 00000nas 2200000uu 4500
001    13399114638
003     ULIB
008    120425s||||||||th 000 0 tha d
110    ^aมูลนิธิส่งเสริมสร้างเอกลักษณ์ของชาติ
245    ^aทิศไท
260    ^aกรุงเทพฯ :^bมูลนิธิส่งเสริมสร้างเอกลักษณ์ของชาติ,^cม.ป.ป.
310    ^aรายสามเดือน
850    ^aฉบับที่ 7 ปีที่ 3;ฉบับที่ 8 ปีที่ 3
945    ^p0^l0^i800107
945    ^p0^l0^i800177
945    ^p0^l0^i800178
999 ^a ใช้งานได้ทุกระบบ
รายการนี้ยังไม่มีแท็ก
คุณยังไม่ได้ล็อกอิน คุณสามารถมีกิจกรรมร่วมกับเว็บไซต์ได้ แต่ต้องล็อกอินก่อน ::
  ล็อกอิน

รายการสื่อสารสนเทศ (วารสาร)

ดูแบบ: กล่อง รายการ
ARRIVED
no call number
สถานที่: ห้องสมุดวิทยาเขตสวรรค์ประชารักษ์ >วารสาร
รายการใกล้เคียง
    ชื่อเรื่อง [ทิศไท]

BibComment


ยังไม่เคยถูกคอมเมนท์

คอมเมนท์ทรัพยากรรายการนี้
  คอมเมนท์: ทิศไท


 Copyright 2026. Bcnsprnw @Library